• 首页
  • 本馆介绍
  • 公告通知
  • 最新文献
  • 馆藏检索
  • 电子资源
  • 读者导购
  • 参考咨询
  • 我的图书馆
  • 登录
  • 详细信息显示
  • 放入我的书架
  • 预约/预借图书
  • 作者相关作品
  • 分类相关作品
  • 丛书相关作品
  • 出版社相关作品

书目信息

  • 表格格式
  • 工作单格式
  • 卡片格式
题名:
薄壳理论
    
 
作者: 杨耀乾 著
分册:  
出版信息: 北京   中国铁道出版社  1981
页数: 278页
开本: 25cm
丛书名:
单 册:
中图分类: TU33
科图分类:
主题词: 薄壳结构--理论
电子资源:
ISBN:
000 00571nam0 2200229 45
001 0181006463
005 20060805171413.70
010    @dCNY2.20
091    @a15034.6304
100    @a19950603d1981 em y0chiy0121 ea
101 0  @achi
102    @aCN@b110000
105    @ay z 000yy
200 10 @a薄壳理论@Abo qiao li lun@f杨耀乾著
210    @a北京@c中国铁道出版社@d1981
215    @a278页@d25cm
606    @a薄壳结构@x理论
690    @aTU33@v3
701  0 @a杨耀乾@Ayang yao qian@4著
801  2 @aCN@bNLC@c20060805
801  0 @aCN@bTSSF
905    @a10447@dTU33@e276
    
    薄壳理论/杨耀乾著.-北京:中国铁道出版社,1981
    278页;25cm
    
    
    ISBN :CNY2.20
    
●
相关链接 在E读中查询图书 在五车中查询图书 在当当中查询图书 在豆瓣中查询图书


正题名:薄壳理论     索取号:TU33/276         预约/预借

序号 登录号 条形码 馆藏地/架位号 状态 备注
1 0451669   204516693   密集书库/ [索取号:TU33/276] 在馆    
唐山师范学院图书馆 欢迎您!
大连网信软件有限公司© 版权所有